00342nam a22001097a 4500008004100000050002300041100001600064245006200080260004600142300002800188650001600216170201b xxu||||| |||| 00| 0 eng d aNK 2115 .B828 1951 aBrown, Effa aDesigns for living color in home decoration/cEffa Brown. aNew York :bWilcox and Follet Co.,c1951. a128p. :bill. ;c28 cm. aDecorations